00624nam a2200181Ia 4500003000400000008004100004040001600045082002200061100001700083245008900100700002400189700002200213260006700235300003300302650002000335650003700355650005000392GCL140319s9999 xx 000 0 eng d aGCL / cGCL04a355.02170223bS T1 aSPECTOR, ROY10aTRACKING UNCLEAR PROLIFERATION : bA GUIDE IN MAPS AND CHARTS, 1995 / cSPECTOR, ROY1 aMC DONOUGH, MARK G.1 aMEDERIOS, EVAN S. a[S.N] : bCARNEGIE EDNOWMENT FOR INTERNATIONAL PEACE ، c1995 a194 PbILL, MAPS ؛ c25 cm.04aNUCLEAR WEAPONS04aNUCLEAR WEAPON FACILITIES - MAPS04aNUCLEAR WEAPONS FACILITIES - CHARTS, DIAGRAMS